| 000 | 00825cam a22002651 4500 | ||
|---|---|---|---|
| 001 | 28624 | ||
| 003 | BD-RjUL | ||
| 005 | 20211209051316.0 | ||
| 008 | 140331s1964 xx 001 0 eng | ||
| 035 | _a(BD-RjUL)28705 | ||
| 035 | _a(OCoLC)807276 | ||
| 040 |
_aDLC _cOClU _dOCoLC _dUk _dDLC _dBD-RjUL _beng |
||
| 041 | _aeng | ||
| 082 |
_a595.7 _bWIL 1964 _223 |
||
| 100 | 1 |
_aWigglesworth, Vincent B. _q(Vincent Brian), _d1899- _939066 |
|
| 245 | 1 | 4 |
_aThe life of insects / _cby V. B. Wigglesworth. |
| 260 |
_aLondon : _bWeidenfeld and Nicolson, _cc1964. |
||
| 300 |
_axi, 359 p. : _bill. ; _c25 cm. |
||
| 504 | _aBibliography: p. 331-342. | ||
| 504 | _aIncludes Index. | ||
| 650 | 0 |
_aEntomology. _987623 |
|
| 942 |
_2ddc _cBK |
||
| 999 |
_c28624 _d28624 |
||